[Event "Niteroi op 2nd"]
[Site "Niteroi"]
[Date "2022.09.04"]
[Round "5"]
[White "Vaz, Osvaldo Jose"]
[Black "Petrenko, Willy"]
[Result "1-0"]
[WhiteElo "1645"]
[BlackElo "1876"]
[PlyCount "79"]
[EventDate "2022.09.01"]
[EventType "swiss"]
[EventRounds "9"]
[EventCountry "BRA"]
[SourceTitle "CBM 210 Extra"]
[Source "ChessBase"]
[SourceDate "2022.11.30"]
[SourceVersion "1"]
[SourceVersionDate "2022.11.30"]
[SourceQuality "1"]

1. e4 e5 2. Bc4 Nf6 3. d3 Be7 4. Nc3 h6 5. f4 d6 6. Nf3 Bg4 7. fxe5 Bxf3 8. Qxf3 dxe5 9. 0-0 0-0 10. Nd5 Nbd7 11. Kh1 c6 12. Nxe7+ Qxe7 13. a4 Nh7 14. Be3 Ndf6 15. Rf2 a6 16. a5 Rad8 17. Raf1 Rd7 18. Qg3 Kh8 19. Rf3 Ng8 20. Qf2 Ng5 21. Bc5 Qe8 22. Rg3 Ne7 23. h4 Nh7 24. Bxf7 Qd8 25. Rf3 Qxa5 26. Be6 Rxf3 27. gxf3 Qd8 28. Bxd7 Qxd7 29. Qg3 Nf6 30. Rg1 Neg8 31. Kh2 Nh5 32. Qxe5 Qf7 33. Qf5 Qc7+ 34. e5 Qa5 35. b4 Qa2 36. Qxh5 Qxc2+ 37. Rg2 Qxd3 38. Qg4 Qh7 39. Bd4 Ne7 40. Qd7 1-0

[Event "Niteroi op 2nd"]
[Site "Niteroi"]
[Date "2022.09.02"]
[Round "3"]
[White "Rabello, Lorenzzo Urubatan B"]
[Black "Petrenko, Willy"]
[Result "0-1"]
[WhiteElo "1266"]
[BlackElo "1876"]
[PlyCount "78"]
[EventDate "2022.09.01"]
[EventType "swiss"]
[EventRounds "9"]
[EventCountry "BRA"]
[SourceTitle "CBM 210 Extra"]
[Source "ChessBase"]
[SourceDate "2022.11.30"]
[SourceVersion "1"]
[SourceVersionDate "2022.11.30"]
[SourceQuality "1"]

1. e4 e5 2. Nf3 Nc6 3. Nc3 d6 4. h3 Nf6 5. d3 Be7 6. Be2 h6 7. Bd2 Be6 8. a3 a6 9. Rb1 b5 10. b4 0-0 11. 0-0 Nh7 12. Qc1 f5 13. Nh2 f4 14. Bg4 Bxg4 15. Nxg4 h5 16. Nh2 Nd4 17. Qd1 Nf6 18. Nf3 Nxf3+ 19. Qxf3 g6 20. Nd5 c6 21. Nxe7+ Qxe7 22. Rfe1 g5 23. g3 g4 24. hxg4 hxg4 25. Qh1 f3 26. Qh4 Qh7 27. Bh6 Rf7 28. c3 Qg6 29. Qg5 Kh7 30. Rec1 Qxh6 31. Qxh6+ Kxh6 32. Kf1 d5 33. exd5 cxd5 34. Ke1 e4 35. Rd1 Re8 36. Kd2 exd3 37. Kxd3 Rfe7 38. Kd4 Re4+ 39. Kc5 Rc8+ 0-1

[Event "Florianopolis op 2nd"]
[Site "Florianopolis"]
[Date "2016.01.18"]
[Round "4"]
[White "Cezar, Ricardo de Almeida"]
[Black "Petrenko, Willy"]
[Result "0-1"]
[WhiteElo "1608"]
[BlackElo "1990"]
[PlyCount "64"]
[EventDate "2016.01.16"]
[EventType "swiss"]
[EventRounds "10"]
[EventCountry "BRA"]
[SourceTitle "CBM 170 Extra"]
[Source "ChessBase"]
[SourceDate "2016.02.25"]
[SourceVersion "1"]
[SourceVersionDate "2016.02.25"]
[SourceQuality "1"]

1. d4 Nf6 2. c4 e6 3. Nc3 c5 4. Nf3 cxd4 5. Nxd4 Be7 6. Bf4 a6 7. e3 0-0 8. Bd3 d6 9. Nf3 Nc6 10. a3 d5 11. 0-0 h6 12. h3 dxc4 13. Bxc4 b5 14. Bd3 Bb7 15. Ne5 Nxe5 16. Bxe5 b4 17. Ne2 Qd5 18. Nf4 Qxe5 19. Qc2 Rac8 20. Qe2 a5 21. Rac1 Bd6 22. Ba6 Bxa6 23. Qxa6 Ra8 24. Qd3 Rfd8 25. g3 Qxb2 26. axb4 Bxf4 27. Qc2 Qxc2 28. Rxc2 Bd6 29. bxa5 Rxa5 30. Rb2 Bf8 31. Rfb1 Ne4 32. Kg2 Rd2 0-1

[Event "Rio de Janeiro Estadual-ch"]
[Site "Rio de Janeiro"]
[Date "2015.10.11"]
[Round "3"]
[White "Petrenko, Willy"]
[Black "Almeida, Gianluca Jorio"]
[Result "0-1"]
[WhiteElo "2009"]
[BlackElo "1838"]
[PlyCount "100"]
[EventDate "2015.10.10"]
[EventType "swiss"]
[EventRounds "6"]
[EventCountry "BRA"]
[SourceTitle "CBM 168 Extra"]
[Source "ChessBase"]
[SourceDate "2015.10.29"]
[SourceVersion "1"]
[SourceVersionDate "2015.10.29"]
[SourceQuality "1"]

1. e4 g6 2. Nf3 Bg7 3. g3 c5 4. Bg2 Nc6 5. 0-0 d6 6. h3 Nf6 7. d3 0-0 8. c3 c4 9. Qe2 cxd3 10. Qxd3 Nd7 11. Bf4 Nc5 12. Qc2 f5 13. exf5 Bxf5 14. Qd1 Qd7 15. Ng5 h6 16. Nf3 Bxh3 17. Be3 Bxg2 18. Kxg2 Ne5 19. Nxe5 dxe5 20. Bxc5 Qc6+ 21. f3 Qxc5 22. Qd3 Kh7 23. Qe4 Rad8 24. Qe2 Qb6 25. Na3 Rd5 26. Nc4 Qb5 27. Rad1 Rfd8 28. Rxd5 Qxd5 29. b3 b5 30. Ne3 Qd3 31. Qd1 e4 32. fxe4 Qxe4+ 33. Qf3 Rd2+ 34. Rf2 Qxf3+ 35. Kxf3 Rxf2+ 36. Kxf2 Bxc3 37. Nd5 Bd4+ 38. Kf3 e5 39. Ke4 h5 40. b4 Bf2 41. Nc7 Bxg3 42. Nxb5 h4 43. Nxa7 h3 44. Kf3 e4+ 45. Kxg3 e3 46. b5 e2 47. Kf2 h2 48. a4 h1Q 49. Kxe2 Qa1 50. b6 Qxa4 0-1

[Event "Rio de Janeiro Borensztajn op 3rd"]
[Site "Rio de Janeiro"]
[Date "2015.06.28"]
[Round "6"]
[White "Petrenko, Willy"]
[Black "Noseda, Francesco"]
[Result "0-1"]
[WhiteElo "2038"]
[BlackElo "1920"]
[PlyCount "86"]
[EventDate "2015.06.25"]
[EventType "swiss"]
[EventRounds "7"]
[EventCountry "BRA"]
[SourceTitle "CBM 167 Extra"]
[Source "ChessBase"]
[SourceDate "2015.09.14"]
[SourceVersion "1"]
[SourceVersionDate "2015.09.14"]
[SourceQuality "1"]

1. e4 c5 2. Nf3 d6 3. g3 g6 4. Bg2 Bg7 5. c3 Nf6 6. d3 0-0 7. 0-0 Nc6 8. h3 Rb8 9. Be3 b5 10. a3 e5 11. Qd2 c4 12. Nh2 Na5 13. Qd1 Nb3 14. Ra2 Qc7 15. Nd2 Nxd2 16. Qxd2 cxd3 17. b3 Be6 18. Rb2 Rfc8 19. Rc1 Qa5 20. Qxd3 Qxa3 21. Rcb1 Nd7 22. Qd2 Qa5 23. Qxd6 Bf8 24. Qd1 Qxc3 25. Bxa7 Ra8 26. Be3 Qb4 27. Rd2 Nc5 28. Bxc5 Bxc5 29. Ng4 Bxg4 30. hxg4 Bd4 31. Rd3 Ra7 32. Kh2 Ra2 33. Rf3 Rcc2 34. Rc1 Rxf2 35. Rc8+ Kg7 36. Rxf2 Rxf2 37. Qc1 Qxb3 38. g5 Qa2 39. Qh1 Qd2 40. Kh3 Qxg5 41. Bf3 Qh6+ 42. Kg4 f5+ 43. exf5 gxf5+ 0-1

[Event "Rio de Janeiro Borensztajn op 3rd"]
[Site "Rio de Janeiro"]
[Date "2015.06.27"]
[Round "4"]
[White "Petrenko, Willy"]
[Black "Lima, Darcy Gustavo Macha"]
[Result "0-1"]
[WhiteElo "2038"]
[BlackElo "2526"]
[PlyCount "82"]
[EventDate "2015.06.25"]
[EventType "swiss"]
[EventRounds "7"]
[EventCountry "BRA"]
[SourceTitle "CBM 167 Extra"]
[Source "ChessBase"]
[SourceDate "2015.09.14"]
[SourceVersion "1"]
[SourceVersionDate "2015.09.14"]
[SourceQuality "1"]

1. e4 c5 2. Nf3 Nc6 3. g3 g6 4. Bg2 Bg7 5. c3 e5 6. 0-0 Nge7 7. d3 0-0 8. Be3 b6 9. Qd2 d5 10. Bh6 dxe4 11. dxe4 Qxd2 12. Bxd2 Rd8 13. Na3 Ba6 14. c4 Nd4 15. Nxd4 exd4 16. e5 Rac8 17. Bg5 Kf8 18. Bxe7+ Kxe7 19. f4 f6 20. exf6+ Bxf6 21. Rad1 Kf7 22. Bd5+ Rxd5 23. cxd5 Bxf1 24. Kxf1 Rd8 25. Nb5 Rxd5 26. Nxa7 c4 27. Nc8 b5 28. a4 bxa4 29. Nb6 Rc5 30. Nxa4 Rb5 31. Rc1 Rb4 32. Nc5 d3 33. Ne4 Ke6 34. Nd2 Kd5 35. Ra1 Rxb2 36. Ra5+ Kd4 37. Nf3+ Ke3 38. Ne5 Bxe5 39. fxe5 Kf3 40. Ke1 c3 41. Ra1 Rxh2 0-1

[Event "Rio de Janeiro Borensztajn op 3rd"]
[Site "Rio de Janeiro"]
[Date "2015.06.27"]
[Round "5"]
[White "Reis, Virginia Lagrange M"]
[Black "Petrenko, Willy"]
[Result "1-0"]
[WhiteElo "1885"]
[BlackElo "2038"]
[PlyCount "107"]
[EventDate "2015.06.25"]
[EventType "swiss"]
[EventRounds "7"]
[EventCountry "BRA"]
[SourceTitle "CBM 167 Extra"]
[Source "ChessBase"]
[SourceDate "2015.09.14"]
[SourceVersion "1"]
[SourceVersionDate "2015.09.14"]
[SourceQuality "1"]

1. e4 e5 2. Nf3 Nc6 3. Bb5 a6 4. Bxc6 dxc6 5. 0-0 Bd6 6. d3 Bg4 7. Be3 Ne7 8. Nbd2 c5 9. a4 0-0 10. h3 Bh5 11. g4 Bg6 12. Nh4 Nc6 13. Ndf3 Nd4 14. Nf5 Bxf5 15. gxf5 Nxf3+ 16. Qxf3 Qh4 17. Qg3 Qxg3+ 18. fxg3 f6 19. Kg2 Rfd8 20. b3 b5 21. axb5 axb5 22. Kf3 Rdb8 23. Rfb1 Kf7 24. Bd2 Ke7 25. Bc3 Kd7 26. Rxa8 Rxa8 27. Ra1 Rxa1 28. Bxa1 c4 29. bxc4 bxc4 30. dxc4 Kc6 31. Ke3 Kc5 32. Kd3 Kb4 33. Bc3+ Ka4 34. Bd2 Bb4 35. Be3 Ka5 36. g4 Ka6 37. Bf2 Be7 38. Kc3 c5 39. Kb3 Kb6 40. Ka4 Kc6 41. Ka5 Bd8+ 42. Ka6 Be7 43. Be1 Bd6 44. h4 Be7 45. Bd2 h6 46. h5 Bf8 47. Ba5 Be7 48. Ka7 Bf8 49. Kb8 Bd6+ 50. Kc8 Be7 51. Bc7 Bf8 52. Kd8 g6 53. hxg6 Bg7 54. Ba5 1-0

[Event "Rio de Janeiro Borensztajn op 3rd"]
[Site "Rio de Janeiro"]
[Date "2015.06.26"]
[Round "3"]
[White "De Lima, Juarez Antonio"]
[Black "Petrenko, Willy"]
[Result "0-1"]
[WhiteElo "1829"]
[BlackElo "2038"]
[PlyCount "68"]
[EventDate "2015.06.25"]
[EventType "swiss"]
[EventRounds "7"]
[EventCountry "BRA"]
[SourceTitle "CBM 167 Extra"]
[Source "ChessBase"]
[SourceDate "2015.09.14"]
[SourceVersion "1"]
[SourceVersionDate "2015.09.14"]
[SourceQuality "1"]

1. Nf3 Nc6 2. d4 e6 3. e4 d6 4. Be2 Nf6 5. Nc3 Be7 6. 0-0 0-0 7. a3 h6 8. Qd3 Nd7 9. Be3 b6 10. Qd2 Kh7 11. Rfe1 a5 12. Bb5 Na7 13. Bd3 e5 14. Rad1 Bb7 15. Nd5 Bxd5 16. exd5+ f5 17. dxe5 dxe5 18. Qe2 e4 19. Bd4 Bf6 20. Bxe4 fxe4 21. Qxe4+ Kh8 22. c4 Bxd4 23. Nxd4 Qf6 24. f3 Nc5 25. Qc2 Rae8 26. Rf1 a4 27. Qd2 Re7 28. Ne2 Nc8 29. Ng3 Rfe8 30. Qc2 Nd6 31. Rc1 Re3 32. Rfd1 Nb3 33. Rb1 R8e5 34. Rf1 Qf4 0-1

[Event "Rio de Janeiro Estadual op"]
[Site "Rio de Janeiro"]
[Date "2015.06.07"]
[Round "5"]
[White "Petrenko, Willy"]
[Black "Maia, Marco Aurelio Ferre"]
[Result "0-1"]
[WhiteElo "2038"]
[BlackElo "2145"]
[PlyCount "138"]
[EventDate "2015.06.04"]
[EventType "swiss"]
[EventRounds "6"]
[EventCountry "BRA"]
[SourceTitle "CBM 167 Extra"]
[Source "ChessBase"]
[SourceDate "2015.09.14"]
[SourceVersion "1"]
[SourceVersionDate "2015.09.14"]
[SourceQuality "1"]

1. e4 d6 2. d4 Nf6 3. Nc3 c6 4. Nf3 Bg4 5. h3 Bh5 6. Be2 e6 7. 0-0 Be7 8. e5 dxe5 9. Nxe5 Bxe2 10. Nxe2 0-0 11. c3 Nfd7 12. Bf4 Nxe5 13. Bxe5 Nd7 14. Bf4 Nf6 15. Qc2 Rc8 16. Rad1 Qa5 17. a3 b5 18. Ng3 Qd8 19. Ne4 Nxe4 20. Qxe4 Qd5 21. Qxd5 cxd5 22. Bd2 Rc6 23. f4 f5 24. Rde1 Kf7 25. Rf3 Rb8 26. Ra1 a5 27. b4 Rc4 28. Rd3 Ra8 29. Rd1 axb4 30. axb4 Ra3 31. Be1 g5 32. fxg5 Bxg5 33. Kf2 Bh4+ 34. g3 Bg5 35. Kf3 h5 36. h4 Bh6 37. Ke2 Rc8 38. Rf3 Ke7 39. Bd2 Bxd2 40. Kxd2 Rc4 41. Re3 Kf6 42. Rde1 Rc6 43. R1e2 Ra8 44. Rf3 Rca6 45. Rfe3 Rg8 46. Rf3 Rg4 47. Kd3 Ra3 48. Rfe3 Re4 49. Kd2 e5 50. dxe5+ Kxe5 51. Ke1 f4 52. Rf3 fxg3 53. Rxg3 Rxe2+ 54. Kxe2 Ke4 55. Re3+ Kf4 56. Rd3 Ra2+ 57. Kf1 Ke4 58. Rd4+ Ke5 59. Kg1 Rc2 60. Rd3 Re2 61. Rg3 Rc2 62. Rd3 Re2 63. Rg3 Kf4 64. Rg5 Re5 65. Rg8 Re3 66. Rg5 Rg3+ 67. Kf2 Rxg5 68. hxg5 Kxg5 69. Ke3 Kf5 0-1

[Event "Rio de Janeiro Estadual op"]
[Site "Rio de Janeiro"]
[Date "2015.06.06"]
[Round "4"]
[White "Okamura, Milton Kasuo"]
[Black "Petrenko, Willy"]
[Result "0-1"]
[WhiteElo "2089"]
[BlackElo "2038"]
[PlyCount "96"]
[EventDate "2015.06.04"]
[EventType "swiss"]
[EventRounds "6"]
[EventCountry "BRA"]
[SourceTitle "CBM 167 Extra"]
[Source "ChessBase"]
[SourceDate "2015.09.14"]
[SourceVersion "1"]
[SourceVersionDate "2015.09.14"]
[SourceQuality "1"]

1. d4 Nf6 2. c4 c5 3. d5 e6 4. Nc3 exd5 5. cxd5 d6 6. Nf3 g6 7. e4 Bg7 8. h3 0-0 9. Bd3 Re8 10. 0-0 Na6 11. Re1 Nc7 12. a4 b6 13. Bf4 a6 14. Nd2 Nh5 15. Be3 Rb8 16. g4 Nf6 17. Nc4 b5 18. Na5 Bd7 19. Bf4 Bf8 20. axb5 axb5 21. Qf3 b4 22. Ne2 h5 23. g5 Nh7 24. Qg3 Nb5 25. h4 Qc7 26. Nc4 Ra8 27. e5 Qb7 28. e6 Bxe6 29. dxe6 Rxe6 30. Nd2 Rxa1 31. Rxa1 d5 32. Qf3 Qc6 33. Be3 c4 34. Bc2 Bc5 35. Nf4 Rd6 36. Nf1 Nd4 37. Qd1 Nxc2 38. Qxc2 d4 39. Bd2 c3 40. Be1 Qf3 41. Nd3 b3 42. Qd1 Qd5 43. Nxc5 Qxc5 44. Qxb3 Rb6 45. Qa4 Rxb2 46. Qe8+ Nf8 47. Ra8 d3 48. Bxc3 Qxf2+ 0-1

[Event "Rio de Janeiro-ch"]
[Site "Rio de Janeiro"]
[Date "2014.01.20"]
[Round "6"]
[White "De Oliveira Junior, Nilton Rosa"]
[Black "Petrenko, Willy"]
[Result "1-0"]
[WhiteElo "2092"]
[BlackElo "2084"]
[PlyCount "76"]
[EventDate "2014.01.18"]
[EventType "swiss"]
[EventRounds "6"]
[EventCountry "BRA"]
[SourceTitle "CBM 158 Extra"]
[Source "ChessBase"]
[SourceDate "2014.02.28"]
[SourceVersion "1"]
[SourceVersionDate "2014.02.28"]
[SourceQuality "1"]

1. g3 g6 2. f4 Bg7 3. Bg2 d5 4. Nf3 c6 5. 0-0 Bf5 6. e3 Nd7 7. d4 Qb6 8. Nbd2 Ngf6 9. h3 Ne4 10. g4 Be6 11. Nxe4 dxe4 12. Nd2 f5 13. gxf5 gxf5 14. Qh5+ Kd8 15. Kh2 Kc7 16. a4 Nf6 17. Qe2 Qa6 18. c4 Nd5 19. Rg1 Rhg8 20. b3 Nxf4 21. exf4 Bxd4 22. Ba3 Bxa1 23. Rxa1 Rg6 24. Bf1 Rag8 25. Bxe7 b6 26. Bd6+ Kc8 27. Be5 c5 28. Rc1 Qb7 29. Rc3 Rg1 30. Re3 Qd7 31. Qf2 Qd8 32. h4 h5 33. Bh3 Qd7 34. Nf1 Kb7 35. Bf6 R1g6 36. Bg5 Qd6 37. Ng3 Qc7 38. Nxf5 Rf8 1-0

[Event "Rio de Janeiro-ch"]
[Site "Rio de Janeiro"]
[Date "2014.01.18"]
[Round "1"]
[White "Petrenko, Willy"]
[Black "Guimaraes, Wagner Peixoto"]
[Result "0-1"]
[WhiteElo "2084"]
[BlackElo "2245"]
[PlyCount "130"]
[EventDate "2014.01.18"]
[EventType "swiss"]
[EventRounds "6"]
[EventCountry "BRA"]
[SourceTitle "CBM 158 Extra"]
[Source "ChessBase"]
[SourceDate "2014.02.28"]
[SourceVersion "1"]
[SourceVersionDate "2014.02.28"]
[SourceQuality "1"]

1. e4 c5 2. Nf3 d6 3. Bb5+ Nd7 4. 0-0 Ngf6 5. e5 dxe5 6. Nxe5 a6 7. Nxd7 Bxd7 8. Bxd7+ Qxd7 9. d3 e6 10. Nc3 Rd8 11. Qf3 Be7 12. Bf4 0-0 13. h3 b5 14. a3 Nd5 15. Nxd5 Qxd5 16. Qxd5 Rxd5 17. a4 b4 18. b3 g5 19. Be3 f5 20. f4 h6 21. Rae1 g4 22. g3 Bf6 23. h4 Bc3 24. Rd1 Rfd8 25. Bd2 Bd4+ 26. Kg2 Kf7 27. Rfe1 Bg7 28. Re2 h5 29. Rde1 R8d6 30. Rf1 Rd7 31. Rfe1 R5d6 32. Rf1 Rd5 33. Rfe1 Re7 34. Rf1 e5 35. fxe5 Rdxe5 36. Rxe5 Rxe5 37. Rf2 Kg6 38. d4 Re6 39. dxc5 Bd4 40. Bxb4 Bxf2 41. Kxf2 f4 42. gxf4 Kf5 43. Bd2 g3+ 44. Kxg3 Re2 45. Ba5 Rxc2 46. Bc7 Rxc5 47. Be5 Rd5 48. b4 Rd3+ 49. Kg2 Ra3 50. b5 Rxa4 51. bxa6 Rxa6 52. Kf3 Ra3+ 53. Kg2 Kg4 54. Bf6 Ra2+ 55. Kf1 Kxf4 56. Bg5+ Kf3 57. Kg1 Kg3 58. Kf1 Rc2 59. Bd8 Rf2+ 60. Kg1 Rd2 61. Bc7+ Kxh4 62. Bf4 Rc2 63. Be3 Kg3 64. Kh1 Rh2+ 65. Kg1 Re2 0-1

[Event "Rio de Janeiro Baptista Caiafa Memorial"]
[Site "Rio de Janeiro"]
[Date "2009.05.01"]
[Round "5.3"]
[White "Petrenko, Willy"]
[Black "Cunha, Eduardo Arruda da G"]
[Result "1-0"]
[WhiteElo "2084"]
[BlackElo "2287"]
[PlyCount "69"]
[EventDate "2009.05.01"]
[EventType "tourn"]
[EventRounds "9"]
[EventCountry "BRA"]
[SourceTitle "EXT 2022"]
[Source "ChessBase"]
[SourceDate "2021.10.06"]
[SourceVersion "1"]
[SourceVersionDate "2021.10.06"]
[SourceQuality "1"]

1. e4 c5 2. Nf3 d6 3. Nc3 Nc6 4. g3 g6 5. Bg2 Bg7 6. d3 e6 7. Bd2 Nge7 8. 0-0 0-0 9. Qc1 Nd4 10. Nxd4 Bxd4 11. Ne2 Bg7 12. Bh6 b5 13. Bxg7 Kxg7 14. c3 Bb7 15. f4 f5 16. Qc2 Rc8 17. Qb3 Qd7 18. a4 a6 19. axb5 axb5 20. Rfc1 Ra8 21. Qc2 Nc6 22. b4 cxb4 23. cxb4 Qe7 24. Rxa8 Rxa8 25. exf5 d5 26. Qc3+ Qf6 27. fxe6 Ra2 28. Qxf6+ Kxf6 29. Nc3 Rb2 30. Bxd5 Rxb4 31. Ne4+ Ke7 32. Bxc6 Bxc6 33. Rxc6 Rb1+ 34. Kg2 Rd1 35. Nf2 1-0

[Event "Rio de Janeiro Baptista Caiafa Memorial"]
[Site "Rio de Janeiro"]
[Date "2009.05.01"]
[Round "8.5"]
[White "Vaz, Daniel Rodrigues"]
[Black "Petrenko, Willy"]
[Result "1/2-1/2"]
[WhiteElo "2075"]
[BlackElo "2084"]
[PlyCount "86"]
[EventDate "2009.05.01"]
[EventType "tourn"]
[EventRounds "9"]
[EventCountry "BRA"]
[SourceTitle "EXT 2022"]
[Source "ChessBase"]
[SourceDate "2021.10.06"]
[SourceVersion "1"]
[SourceVersionDate "2021.10.06"]
[SourceQuality "1"]

1. e4 e5 2. Nf3 Nc6 3. Bb5 a6 4. Bxc6 dxc6 5. 0-0 Bg4 6. h3 h5 7. d3 Bxf3 8. Qxf3 Qf6 9. Qxf6 Nxf6 10. Be3 0-0-0 11. Nc3 Nd7 12. Ne2 f6 13. f4 Bd6 14. c3 exf4 15. Bxf4 Bxf4 16. Nxf4 Nc5 17. Rf3 g5 18. b4 Na4 19. Ne2 c5 20. bxc5 Nxc5 21. Nd4 Rhe8 22. Kf2 Na4 23. Rc1 Kb8 24. Nb3 c5 25. Re1 Re6 26. d4 Rde8 27. Nd2 g4 28. hxg4 hxg4 29. Rg3 cxd4 30. cxd4 Rc6 31. Rxg4 Rc2 32. Ke3 Rxa2 33. Rf1 Ra3+ 34. Kf4 Nc3 35. Kf5 Ra2 36. Nf3 Re2 37. Re1 Rxe1 38. Nxe1 a5 39. e5 fxe5 40. dxe5 a4 41. Rc4 Rf8+ 42. Ke6 Re8+ 43. Kf5 Rf8+ 1/2-1/2

[Event "Rio de Janeiro Estadual"]
[Site "Rio de Janeiro"]
[Date "2009.01.18"]
[Round "7.7"]
[White "Petrenko, Willy"]
[Black "Silva, Marcelo dos Santos"]
[Result "0-1"]
[WhiteElo "2084"]
[BlackElo "2081"]
[PlyCount "100"]
[EventDate "2009.01.10"]
[EventType "swiss"]
[EventRounds "7"]
[EventCountry "BRA"]
[SourceTitle "EXT 2022"]
[Source "ChessBase"]
[SourceDate "2021.10.06"]
[SourceVersion "1"]
[SourceVersionDate "2021.10.06"]
[SourceQuality "1"]

1. e4 e6 2. d4 d5 3. Nd2 dxe4 4. Nxe4 Bd7 5. Nf3 Bc6 6. Bd3 Nd7 7. c3 Ngf6 8. Bg5 Be7 9. Nxf6+ Bxf6 10. Bxf6 Qxf6 11. Be2 0-0 12. 0-0 Rad8 13. Qc2 Bd5 14. b4 c6 15. Rad1 e5 16. Nxe5 Nxe5 17. dxe5 Qxe5 18. Bd3 g6 19. Rfe1 Qg5 20. Be4 Bc4 21. Bf3 Qf6 22. a4 a6 23. h3 Be6 24. Re3 Bf5 25. Qc1 Kg7 26. c4 Rxd1+ 27. Bxd1 Rd8 28. Be2 Kf8 29. Qc3 Qxc3 30. Rxc3 Rd2 31. Bf3 Ra2 32. b5 Bd7 33. Rd3 Ke7 34. Re3+ Kd8 35. Rd3 Kc8 36. bxc6 bxc6 37. Rb3 Rxa4 38. Rb6 Kc7 39. c5 Ra5 40. Kf1 Ra2 41. Ke1 h5 42. Kd1 Ra5 43. Kd2 Rxc5 44. Rxa6 Kb7 45. Ra2 Rb5 46. Rc2 Kb6 47. Be2 Rb4 48. Kc3 c5 49. Bc4 Be8 50. Re2 Rxc4+ 0-1

[Event "Rio de Janeiro Estadual"]
[Site "Rio de Janeiro"]
[Date "2009.01.10"]
[Round "1.8"]
[White "Petrenko, Willy"]
[Black "Campos, Alexandre Ferreira"]
[Result "0-1"]
[WhiteElo "2084"]
[BlackElo "2166"]
[PlyCount "22"]
[EventDate "2009.01.10"]
[EventType "swiss"]
[EventRounds "7"]
[EventCountry "BRA"]
[SourceTitle "EXT 2022"]
[Source "ChessBase"]
[SourceDate "2021.10.06"]
[SourceVersion "1"]
[SourceVersionDate "2021.10.06"]
[SourceQuality "1"]

1. e4 d5 2. exd5 Nf6 3. Nc3 Nxd5 4. Nxd5 Qxd5 5. Nf3 Bg4 6. Be2 Nc6 7. 0-0 0-0-0 8. h3 Bh5 9. c3 e5 10. Nxe5 Bxe2 11. Nxc6 Bxd1 0-1